Clubs des Bleus sélectionnés pour la Coupe du monde 2026 - Statistiques

Statistiques générales
  • Ce quiz a été pris 80 fois
  • Le résultat moyen est 18 sur 26
Statistiques - réponses
Poste Nom Club % Correct
G Mike Maignan AC Milan
94%
M Adrien Rabiot AC Milan
94%
D Lucas Hernandez PSG
88%
M Warren Zaïre-Emery PSG
88%
A Bradley Barcola PSG
88%
A Ousmane Dembélé PSG
88%
A Désiré Doué PSG
88%
G Robin Risser RC Lens
82%
D Jules Koundé FC Barcelone
77%
D Dayot Upamecano Bayern Munich
74%
A Michael Olise Bayern Munich
74%
M Aurélien Tchouaméni Real Madrid
73%
A Kylian Mbappé Real Madrid
73%
D William Saliba Arsenal FC
68%
A Rayan Cherki Manchester City
68%
A Marcus Thuram Inter Milan
65%
D Lucas Digne Aston villa
64%
D Maxence Lacroix Crystal Palace
64%
A Jean-Philippe Mateta Crystal Palace
64%
A Maghnes Akliouche AS Monaco
62%
D Malo Gusto Chelsea FC
61%
D Ibrahima Konaté Liverpool FC
61%
D Théo Hernandez Al-Hilal
52%
M Manu Koné AS Rome
47%
G Brice Samba Stade Rennais FC
30%
M N'Golo Kanté Fenerbahçe SK
9%
Aucun quiz correspondant
Distribution des résultats
% des personnes avec chaque résultat
Percentile par nombre de réponses
Votre historique - résultats
Vous n’avez pas pris ce quiz